000 00407nam a22001697a 4500
003 UA-OsUOA
001 6151
007 ta
008 20050721b un ||||| |||| 00| 0 ukr d
100 _aБулатецька
700 _aЛ. І.
942 _cBK
040 _aUA-OsUOA
_cUA-OsUOA
_dUA-OsUOA
245 _aТеорія і теоретизація у лінгвістиці.
955 _a2
650 7 _2UDC
999 _c292313
_d292313